000 00424nam a2200169 i 4500
001 bg
100 1 _aBIELECKI, Jan
_d(?-2001).
245 0 _aTopSpeed rozszerzona Modula-2 dla IBM PC /
_cJ. Bielecki.
260 _aWarszawa,
_c1990.
490 1 _aMikrokomputery
830 _aMikrokomputery
040 _cBPK
041 _apol
080 _a681.322.06:519.682
942 _cKS
008 s pl f |000 0 pol
999 _c4178
_d4178
856 _uhttp://koha.tu.koszalin.pl/cgi-bin/koha/opac-detail.pl?biblionumber=4178
_yKatalog online BPK